| 000 | 00629nam a2200181 a 4500 | ||
|---|---|---|---|
| 001 | 000023822 | ||
| 005 | 20200930022507.0 | ||
| 008 | 110113s1983 ag a r 000 0 spa d | ||
| 020 | _a0311046584 | ||
| 040 |
_aDO-SdBNP _bspa _cBNPHU |
||
| 082 |
_annnn _bF954h |
||
| 100 | 1 |
_aFuente, Tomás de la, _949031 |
|
| 245 | 1 | 3 |
_aLa hermosa historia de Jesús : _bordenada, simplificada y brevemente explicada / _cTomás de la Fuente. |
| 260 |
_aArgentina : _bCasa Bautista de Publicacciones, _c1983. |
||
| 300 |
_a210 p. : _bil. ; _c22 cm. |
||
| 504 | _aIncluye referencias bibliográficas y notas al pie de las páginas. | ||
| 049 | _aBNGR | ||
| 999 |
_c23318 _d23318 |
||